Alle Elektro-Pokemon (Gen 1) - Statistiken

Allgemein
  • Dieses Quiz wurde 254 mal gespielt
  • Das Durchschnittsergebnis liegt bei 8 aus 9
Antwortstatistiken
Hint Antwort % Korrekt
#025 Pikachu
99%
#026 Raichu
97%
#145 Zapdos
91%
#125 Elektek
87%
#100 Voltobal
86%
#101 Lektrobal
85%
#081 Magnetilo
85%
#082 Magneton
85%
#135 Blitza
82%
Keine übereinstimmenden Quizze gefunden
Verteilung der Resultate
Anzahl Personen mit jedem Resultat
Perzentil nach korrekt beantworteten Fragen
Ihre Resultats-Entwicklung
Sie haben dieses Quiz noch nicht gespielt